000 00818nam a22002417a 4500
999 _c33290
_d33290
001 2434
003 CO-MdFUSB
005 20171011084440.0
008 171011t1978 ag ||||| |||| 00| 0 spa d
040 _aCO-MdFUSB
_bspa
_cCO-MdFUSB
_dCO-MdFUSBC
_erda
041 0 _aspa
082 0 4 _aG 224.95 L7935t
100 1 _aLloyd-Jones, D. Martyn (David)
_eautor
245 1 4 _aDel temor a la fe
_b : Estudios sobre la profecía de Habacuc y cómo interpretar los hechos de la historia
_c/ D. Martyn Lloyd Jones
264 4 _aMisiones, Argentina :
_bHebrón,
_c©1978
300 _a80 Pag
336 _2rdacontent
_atexto
_btxt
337 _2rdamedia
_asin mediación
_bn
338 _2rdacarrier
_avolumen
_bnc
500 _aTítulo original : From fear to faith
653 _aBiblia A.T. - Habacuc - Comentarios
942 _cBK